000 01079cad a22002175a 4500
001 E147985
008 090710s2009 xxk f 000 0 eng d
035 _a(Sirsi) u147985
041 0 _aeng
050 0 4 _a306.1 $2 18
110 2 _aShelter
_92788
245 0 0 _aBuilding Pressure
_baccess to housing in Scotland in 2009
_h[electronic resource]
260 _a[S.l.]
_bShelter
_c2009
520 _aArgues that the sale of social housing under right to buy legislation, as well as a failure to build more, has meant that there are now fewer social homes to rent in Scotland than at any time since 1959. Makes recommendations as to how the balance can be redressed, including safeguarding investment in social housing.
521 _aIntroductory
590 _aKA
651 4 _aScotland
_y1999-
690 _aPROPERTY-RESIDENTIAL PROPERTY-DOMESTIC RESIDENTIAL PROPERTY-HOUSING
856 4 0 _uhttps://scotland.shelter.org.uk/professional_resources/policy_library/policy_library_folder/building_pressure
_zView the report free of charge at scotland.shelter.org.uk...
942 _n0
999 _c109828
_d109828